Обеспечение заданных виброшумовых характеристик взрывозащищенных асинхронных двигателей на стадии проектирования и изготовления: диссертация на соискание ученой степени кандидата технических наук; спец. 05.09.01.

Bibliographic Details
Main Author: Глушков В. Г. Виктор Георгиевич
Corporate Authors: Научно-исследовательский, проектно-конструкторский и технологический институт НПО"Кузбассэлектромотор", Томский политехнический институт
Other Authors: Муравлев О. П. Олег Павлович (научный руководитель)
Language:Russian
Published: Томск, 1990
Subjects:
Format: Book
KOHA link:https://koha.lib.tpu.ru/cgi-bin/koha/opac-detail.pl?biblionumber=46651

MARC

LEADER 00000nam0a2200000 4500
001 46651
005 20231031024759.0
035 |a (RuTPU)RU\TPU\book\48697 
090 |a 46651 
100 |a 20030124d1990 k y0rusy50 ca 
101 0 |a rus 
102 |a RU 
105 |a a m 001zy 
200 1 |a Обеспечение заданных виброшумовых характеристик взрывозащищенных асинхронных двигателей на стадии проектирования и изготовления  |e диссертация на соискание ученой степени кандидата технических наук  |e спец. 05.09.01.  |f В. Г. Глушков  |g Научно-исследовательский, проектно-конструкторский и технологический институт НПО"Кузбассэлектромотор"; Томский политехнический институт; науч. рук. О. П. Муравлев 
210 |a Томск  |d 1990 
215 |a 267 л.  |c ил. 
320 |a Библиогр.: с. 164-176 (124 назв.). 
610 1 |a электрические машины 
610 1 |a виброшумовые параметры 
610 1 |a взрывозащитные 
610 1 |a двигатели асинхронные 
610 1 |a проектирование 
610 1 |a изготовление 
610 1 |a вибродиагностика 
610 1 |a диссертации 
675 |a 621.313.333-213.34(048)  |v 3 
686 |a 05.09.01.  |2 oksvnk 
700 1 |a Глушков  |b В. Г.  |g Виктор Георгиевич 
702 1 |a Муравлев  |b О. П.  |c специалист в области электротехники  |c профессор Томского политехнического университета, доктор технических наук  |f 1937-  |g Олег Павлович  |2 stltpush  |3 (RuTPU)RU\TPU\pers\19841  |4 727 
712 0 2 |a Научно-исследовательский, проектно-конструкторский и технологический институт НПО"Кузбассэлектромотор" 
712 0 2 |a Томский политехнический институт  |2 stltpush  |3 (RuTPU)RU\TPU\col\1123 
801 1 |a RU  |b 63413507  |c 20030124  |g PSBO 
801 2 |a RU  |b 63413507  |c 20160415  |g PSBO 
942 |c BK